000 00790nam a22002897a 4500
001 BR7401268
003 BR-BrBNA
005 20230928084555.0
007 ta
008 230509b bl.||||| |||| 00| 0 por d
040 _aBR-BrBNA
_bpor
_cBiblioteca Nacional de Agricultura
041 _a(Por)
072 _aE70; E50
_b9210
_b/G514
090 _ 9210 BR7401268
100 1 _aVidal, B.A.S.
245 1 _aFarinha de trigo e de mandioca. Georgismo, divisao, socializacao da propriedade rural [Brasil]
260 3 _aSao Paulo, SP (Brasil):
_c1945.
300 _a35 p.
650 _aCOMERCIALIZACAO
650 _aSOCIOLOGIA RURAL
650 _aFARINHA
650 _aTRIGO
650 _aMANDIOCA
650 _aPRODUTIVIDADE
909 _a202309
_bLucia
_c55
_dLucia Elande
942 _cBK
999 _c19845
_d19845